| 000 | 00534nam a2200181 a 4500 | ||
|---|---|---|---|
| 005 | 20140311163017.0 | ||
| 008 | 070222s19uu xx 00 eng d | ||
| 020 | _a1844481581 | ||
| 050 |
_aND 1760 _b.T368 2006 |
||
| 100 | _aTharcher, Bryan | ||
| 245 |
_aWet - into - wet : _bwatercolour technique / _cBryan Tharcher |
||
| 260 |
_aGreat Britain : _bSearch Press Limited, _c2000. |
||
| 300 |
_a48 p. : _bill. col. ; _c26 cm. |
||
| 521 | _aMA | ||
| 650 |
_aWatercolor painting _xTechnique. |
||
| 942 |
_cBK _2lcc _kFOR |
||
| 999 |
_c39435 _d39435 |
||